书目信息 |
| 题名: |
世界经典民间传说故事
|
|
| 作者: | 周治 主编 | |
| 分册: | ||
| 出版信息: | 沈阳 辽海出版社 2011.01 |
|
| 页数: | 198页 | |
| 开本: | 23cm | |
| 丛书名: | 世界经典民间故事全集 | |
| 单 册: | ||
| 中图分类: | I17 | |
| 科图分类: | ||
| 主题词: | 民间文学--作品集--世界 | |
| 电子资源: | ||
| ISBN: | 978-7-5451-0435-6 | |
| 000 | 00736nam 2200241 450 | |
| 001 | 1158296421 | |
| 005 | 20111229161422.84 | |
| 010 | @a978-7-5451-0435-6@dCNY26.00 | |
| 100 | @a20111229d2011 km y0chiy0120 ea | |
| 101 | 0 | @achi |
| 102 | @aCN@b210000 | |
| 105 | @ay z 000yy | |
| 200 | 1 | @a世界经典民间传说故事@Ashi jie jing dian min jian chuan shuo gu shi@f周治主编@Fzhou zhi zhu bian |
| 205 | @a第2版 | |
| 210 | @a沈阳@c辽海出版社@d2011.01 | |
| 215 | @a198页@d23cm | |
| 225 | 2 | @a世界经典民间故事全集 |
| 410 | 0 | @12001 @a世界经典民间故事全集 |
| 606 | 0 | @a民间文学@x作品集@x世界 |
| 690 | @aI17@v4 | |
| 701 | 0 | @a周治@Azhou zhi@4主编 |
| 801 | 0 | @aCN@b大连网信软件有限公司图书馆·11@c20111229 |
| 905 | @aZUCC@dI17@eZ8133=2@f3 | |
| 世界经典民间传说故事/周治主编.-第2版.-沈阳:辽海出版社,2011.01 |
| 198页;23cm.-(世界经典民间故事全集) |
| ISBN 978-7-5451-0435-6:CNY26.00 |
| ● |
| 相关链接 |
|
|
|
正题名:世界经典民间传说故事
索取号:I17/Z8133=2
 
预约/预借
| 序号 | 登录号 | 条形码 | 馆藏地/架位号 | 状态 | 备注 |
| 1 | 1188453 | 211884530 | 文学库108/108文学库 4排9列5层/ [索取号:I17/Z8133=2] | 在馆 | |
| 2 | 1188454 | 211884549 | 文学库108/108文学库 4排3列3层/ [索取号:I17/Z8133=2] | 在馆 | |
| 3 | 1188455 | 211884558 | 文学库108/108文学库 4排9列5层/ [索取号:I17/Z8133=2] | 在馆 |